[Event "DVM U14 2022"]
[Site "Kelheim GER"]
[Date "2022.12.29"]
[Round "6"]
[White "Moldovan, Tudor"]
[Black "Wollscheid, Leon"]
[Result "1-0"]
[Termination "normal"]
[Board "8.3"]
[WhiteElo "1263"]
[BlackElo "1123"]
[WhiteClock "01:15:37"]
[BlackClock "00:39:05"]
[WhiteTeam "SG Königskinder Hohentübingen e.V."]
[BlackTeam "SF Birkenfeld"]
[PlyCount "101"]
[WhiteFideId "16288203"]
[BlackFideId "34640363"]
[EventCountry "GER"]
[EventRounds "7"]
[EventType "team-swiss"]
[EventDate "2022.12.26"]

1. d4 {[%clk 01:30:57]} {[%emt 00:00:04]} d5 {[%clk 01:30:59]} 2. Nf3 {[%clk
01:31:19]} {[%emt 00:00:11]} Nf6 {[%clk 01:31:23]} {[%emt 00:00:04]} 3. e3
{[%clk 01:31:42]} {[%emt 00:00:07]} Bf5 {[%clk 01:31:46]} {[%emt 00:00:07]} 4.
Bd3 {[%clk 01:31:55]} {[%emt 00:00:16]} Bxd3 {[%clk 01:32:12]} {[%emt
00:00:04]} 5. cxd3 {[%clk 01:32:19]} {[%emt 00:00:06]} e6 {[%clk 01:32:00]}
{[%emt 00:00:41]} 6. b3 {[%clk 01:32:20]} {[%emt 00:00:30]} Bb4 {[%clk
01:31:29]} {[%emt 00:01:00]} 7. Nbd2 {[%clk 01:32:21]} {[%emt 00:00:30]} Qe7
{[%clk 01:30:46]} {[%emt 00:01:12]} 8. O-O {[%clk 01:32:28]} {[%emt 00:00:24]}
Ba3 {[%clk 01:30:25]} {[%emt 00:00:51]} 9. Ne5 {[%clk 01:32:48]} {[%emt
00:00:10]} Bxc1 {[%clk 01:30:41]} {[%emt 00:00:12]} 10. Rxc1 {[%clk 01:33:09]}
{[%emt 00:00:11]} c6 {[%clk 01:30:30]} {[%emt 00:00:40]} 11. f4 {[%clk
01:33:07]} {[%emt 00:00:33]} Nbd7 {[%clk 01:27:08]} {[%emt 00:03:51]} 12. Ndf3
{[%clk 01:32:09]} {[%emt 00:01:29]} Nxe5 {[%clk 01:24:05]} {[%emt 00:03:33]}
13. Nxe5 {[%clk 01:32:31]} {[%emt 00:00:08]} O-O {[%clk 01:22:31]} {[%emt
00:02:03]} 14. Rf3 {[%clk 01:32:47]} {[%emt 00:00:15]} Rac8 {[%clk 01:22:29]}
{[%emt 00:00:31]} 15. Qe1 {[%clk 01:32:32]} {[%emt 00:00:39]} Qd6 {[%clk
01:17:39]} {[%emt 00:05:26]} 16. Qh4 {[%clk 01:31:10]} {[%emt 00:01:52]} c5
{[%clk 01:12:51]} {[%emt 00:05:18]} 17. Rcf1 {[%clk 01:30:42]} {[%emt
00:00:58]} cxd4 {[%clk 01:13:04]} {[%emt 00:00:17]} 18. exd4 {[%clk 01:30:57]}
{[%emt 00:00:16]} Qe7 {[%clk 01:09:07]} {[%emt 00:04:26]} 19. Rh3 {[%clk
01:28:43]} {[%emt 00:02:45]} Qb4 {[%clk 01:05:03]} {[%emt 00:04:33]} 20. f5
{[%clk 01:26:13]} {[%emt 00:03:01]} exf5 {[%clk 00:59:53]} {[%emt 00:05:40]}
21. Nd7 {[%clk 01:25:53]} {[%emt 00:00:50]} Rfd8 {[%clk 00:52:50]} {[%emt
00:07:33]} 22. Nxf6 {[%clk 01:24:13]} {[%emt 00:02:10]} gxf6 {[%clk 00:53:14]}
{[%emt 00:00:06]} 23. Qxh7 {[%clk 01:24:13]} {[%emt 00:00:30]} Kf8 {[%clk
00:53:35]} {[%emt 00:00:07]} 24. Qh8 {[%clk 01:23:32]} {[%emt 00:01:13]} Ke7
{[%clk 00:53:23]} {[%emt 00:00:42]} 25. Re3 {[%clk 01:23:58]} {[%emt 00:00:04]}
Kd7 {[%clk 00:52:17]} {[%emt 00:01:36]} 26. Qxf6 {[%clk 01:23:43]} {[%emt
00:00:44]} Kc7 {[%clk 00:49:34]} {[%emt 00:03:14]} 27. Qxf7 {[%clk 01:21:51]}
{[%emt 00:02:22]} Kb8 {[%clk 00:49:25]} {[%emt 00:00:39]} 28. Qxf5 {[%clk
01:21:44]} {[%emt 00:00:37]} Qxd4 {[%clk 00:49:03]} {[%emt 00:00:52]} 29. Qe5
{[%clk 01:21:59]} {[%emt 00:00:15]} Qxe5 {[%clk 00:49:21]} {[%emt 00:00:13]}
30. Rxe5 {[%clk 01:22:22]} {[%emt 00:00:07]} Rc2 {[%clk 00:47:28]} {[%emt
00:02:22]} 31. Ra1 {[%clk 01:16:03]} {[%emt 00:06:48]} Rd2 {[%clk 00:47:44]}
{[%emt 00:00:15]} 32. Re3 {[%clk 01:16:09]} {[%emt 00:00:19]} Rc8 {[%clk
00:46:37]} {[%emt 00:01:42]} 33. h3 {[%clk 01:15:15]} {[%emt 00:01:24]} Rcc2
{[%clk 00:47:00]} {[%emt 00:00:07]} 34. Rg3 {[%clk 01:15:16]} {[%emt 00:00:22]}
Rxa2 {[%clk 00:43:58]} {[%emt 00:03:38]} 35. Rxa2 {[%clk 01:15:18]} {[%emt
00:00:29]} Rxa2 {[%clk 00:44:11]} {[%emt 00:00:16]} 36. h4 {[%clk 01:15:24]}
{[%emt 00:00:25]} Kc7 {[%clk 00:44:08]} {[%emt 00:00:33]} 37. h5 {[%clk
01:14:50]} {[%emt 00:01:03]} Ra6 {[%clk 00:44:35]} {[%emt 00:00:03]} 38. Rg6
{[%clk 01:14:54]} {[%emt 00:00:27]} Ra5 {[%clk 00:41:47]} {[%emt 00:03:18]} 39.
h6 {[%clk 01:13:49]} {[%emt 00:01:35]} d4 {[%clk 00:42:07]} {[%emt 00:00:10]}
40. g4 {[%clk 01:13:14]} {[%emt 00:01:05]} Ra1 {[%clk 00:42:11]} {[%emt
00:00:25]} 41. Kg2 {[%clk 01:13:35]} {[%emt 00:00:08]} Ra2 {[%clk 00:42:24]}
{[%emt 00:00:18]} 42. Kg3 {[%clk 01:13:59]} {[%emt 00:00:06]} Ra1 {[%clk
00:42:01]} {[%emt 00:00:53]} 43. Rg5 {[%clk 01:14:05]} {[%emt 00:00:21]} Ra6
{[%clk 00:39:51]} {[%emt 00:02:42]} 44. Rg7 {[%clk 01:13:57]} {[%emt 00:00:39]}
Kd8 {[%clk 00:39:07]} {[%emt 00:01:14]} 45. Rg8 {[%clk 01:14:17]} {[%emt
00:00:09]} Ke7 {[%clk 00:39:17]} {[%emt 00:00:20]} 46. h7 {[%clk 01:14:32]}
{[%emt 00:00:16]} Rh6 {[%clk 00:39:42]} {[%emt 00:00:05]} 47. h8=Q {[%clk
01:14:54]} {[%emt 00:00:08]} Rxh8 {[%clk 00:39:57]} {[%emt 00:00:14]} 48. Rxh8
{[%clk 01:15:20]} {[%emt 00:00:04]} Kf7 {[%clk 00:39:29]} {[%emt 00:00:58]} 49.
Rb8 {[%clk 01:15:14]} {[%emt 00:00:36]} b6 {[%clk 00:39:46]} {[%emt 00:00:13]}
50. Rb7 {[%clk 01:15:37]} {[%emt 00:00:07]} Kg6 {[%clk 00:39:05]} {[%emt
00:00:08]} 51. Rxa7 {[%emt 00:01:19]} 1-0

[Event "DVM U14 2022"]
[Site "Kelheim GER"]
[Date "2022.12.29"]
[Round "6"]
[White "Didas, Fynn"]
[Black "Großmann, Moritz"]
[Result "1/2-1/2"]
[Termination "normal"]
[Board "8.4"]
[WhiteElo "1217"]
[BlackElo "1372"]
[WhiteClock "00:19:55"]
[BlackClock "00:12:52"]
[WhiteTeam "SF Birkenfeld"]
[BlackTeam "SG Königskinder Hohentübingen e.V."]
[PlyCount "57"]
[WhiteFideId "34640231"]
[BlackFideId "34640266"]
[EventCountry "GER"]
[EventRounds "7"]
[EventType "team-swiss"]
[EventDate "2022.12.26"]

1. e4 {[%clk 01:30:59]} {[%emt 00:10:24]} c6 {[%clk 01:30:42]} {[%emt
00:00:18]} 2. d4 {[%clk 01:31:23]} {[%emt 00:00:06]} d5 {[%clk 01:31:03]}
{[%emt 00:00:09]} 3. exd5 {[%clk 01:31:47]} {[%emt 00:00:06]} cxd5 {[%clk
01:31:22]} {[%emt 00:00:11]} 4. Bd3 {[%clk 01:32:12]} {[%emt 00:00:04]} Nf6
{[%clk 01:30:21]} {[%emt 00:01:32]} 5. Bf4 {[%clk 01:32:19]} {[%emt 00:00:22]}
Nc6 {[%clk 01:28:35]} {[%emt 00:02:16]} 6. c3 {[%clk 01:32:10]} {[%emt
00:00:40]} e6 {[%clk 01:27:11]} {[%emt 00:01:54]} 7. Ne2 {[%clk 01:30:18]}
{[%emt 00:02:22]} Bd7 {[%clk 01:23:43]} {[%emt 00:03:58]} 8. O-O {[%clk
01:29:22]} {[%emt 00:01:26]} Be7 {[%clk 01:22:32]} {[%emt 00:01:41]} 9. Nd2
{[%clk 01:28:40]} {[%emt 00:01:12]} O-O {[%clk 01:14:18]} {[%emt 00:08:44]} 10.
Re1 {[%clk 01:26:08]} {[%emt 00:03:01]} b6 {[%clk 01:13:10]} {[%emt 00:01:38]}
11. Ba6 {[%clk 01:22:37]} {[%emt 00:04:02]} Bc8 {[%clk 01:09:09]} {[%emt
00:04:31]} 12. Bxc8 {[%clk 01:19:46]} {[%emt 00:03:20]} Rxc8 {[%clk 01:07:37]}
{[%emt 00:02:02]} 13. Ng3 {[%clk 01:17:24]} {[%emt 00:02:52]} Qd7 {[%clk
00:57:19]} {[%emt 00:10:49]} 14. Qf3 {[%clk 01:09:58]} {[%emt 00:07:55]} Kh8
{[%clk 00:37:05]} {[%emt 00:20:44]} 15. Nh5 {[%clk 01:01:02]} {[%emt 00:09:26]}
Nxh5 {[%clk 00:31:46]} {[%emt 00:05:50]} 16. Qxh5 {[%clk 01:01:24]} {[%emt
00:00:08]} Bd6 {[%clk 00:31:55]} {[%emt 00:00:21]} 17. Bxd6 {[%clk 00:58:47]}
{[%emt 00:03:06]} Qxd6 {[%clk 00:32:20]} {[%emt 00:00:06]} 18. g3 {[%clk
00:55:00]} {[%emt 00:04:17]} h6 {[%clk 00:27:09]} {[%emt 00:05:40]} 19. Nf3
{[%clk 00:52:03]} {[%emt 00:03:27]} Qe7 {[%clk 00:25:25]} {[%emt 00:02:14]} 20.
Ne5 {[%clk 00:41:04]} {[%emt 00:11:29]} Nxe5 {[%clk 00:24:53]} {[%emt
00:01:02]} 21. Qxe5 {[%clk 00:41:15]} {[%emt 00:00:19]} Qd7 {[%clk 00:22:54]}
{[%emt 00:02:28]} 22. Qe2 {[%clk 00:36:18]} {[%emt 00:05:27]} a5 {[%clk
00:21:46]} {[%emt 00:01:39]} 23. a4 {[%clk 00:35:30]} {[%emt 00:01:18]} Rc4
{[%clk 00:21:40]} {[%emt 00:00:36]} 24. Qc2 {[%clk 00:35:29]} {[%emt 00:00:31]}
Rfc8 {[%clk 00:21:43]} {[%emt 00:00:27]} 25. Qb3 {[%clk 00:34:32]} {[%emt
00:01:25]} Rb8 {[%clk 00:20:50]} {[%emt 00:01:24]} 26. Re2 {[%clk 00:29:50]}
{[%emt 00:05:13]} g6 {[%clk 00:18:13]} {[%emt 00:03:08]} 27. f4 {[%clk
00:27:49]} {[%emt 00:02:31]} Kg7 {[%clk 00:18:21]} {[%emt 00:00:21]} 28. Kf2
{[%clk 00:27:22]} {[%emt 00:00:56]} Qc6 {[%clk 00:12:52]} {[%emt 00:06:00]} 29.
h4 {[%clk 00:19:55]} {[%emt 00:07:57]} 1/2-1/2

[Event "DVM U14 2022"]
[Site "Kelheim GER"]
[Date "2022.12.29"]
[Round "6"]
[White "Werner, Florin"]
[Black "Haug, Mara"]
[Result "0-1"]
[Termination "normal"]
[Board "9.1"]
[WhiteElo "1761"]
[BlackElo "1629"]
[WhiteClock "00:58:54"]
[BlackClock "00:59:41"]
[WhiteTeam "VSG 1880 Offenbach"]
[BlackTeam "Karlsruher SF 1853"]
[PlyCount "38"]
[WhiteFideId "16250230"]
[BlackFideId "16259300"]
[EventCountry "GER"]
[EventRounds "7"]
[EventType "team-swiss"]
[EventDate "2022.12.26"]

1. e4 {[%clk 01:30:58]} {[%emt 00:04:09]} c5 {[%clk 01:30:53]} {[%emt
00:00:07]} 2. Nf3 {[%clk 01:31:22]} {[%emt 00:00:08]} Nc6 {[%clk 01:31:18]}
{[%emt 00:00:03]} 3. d4 {[%clk 01:31:49]} {[%emt 00:00:04]} cxd4 {[%clk
01:31:43]} {[%emt 00:00:04]} 4. Nxd4 {[%clk 01:32:11]} {[%emt 00:00:08]} g6
{[%clk 01:32:09]} {[%emt 00:00:05]} 5. Nc3 {[%clk 01:32:34]} {[%emt 00:00:06]}
Bg7 {[%clk 01:32:34]} {[%emt 00:00:05]} 6. Be3 {[%clk 01:33:00]} {[%emt
00:00:04]} Nf6 {[%clk 01:32:59]} {[%emt 00:00:06]} 7. f3 {[%clk 01:31:19]}
{[%emt 00:02:10]} O-O {[%clk 01:31:42]} {[%emt 00:01:47]} 8. Qd2 {[%clk
01:31:18]} {[%emt 00:00:32]} d5 {[%clk 01:31:08]} {[%emt 00:01:03]} 9. exd5
{[%clk 01:20:23]} {[%emt 00:11:26]} Nxd5 {[%clk 01:31:20]} {[%emt 00:00:17]}
10. Nxd5 {[%clk 01:20:26]} {[%emt 00:00:28]} Qxd5 {[%clk 01:31:00]} {[%emt
00:00:49]} 11. Nxc6 {[%clk 01:20:36]} {[%emt 00:00:21]} Qxc6 {[%clk 01:28:57]}
{[%emt 00:02:32]} 12. O-O-O {[%clk 01:18:45]} {[%emt 00:02:21]} Be6 {[%clk
01:26:43]} {[%emt 00:02:44]} 13. Kb1 {[%clk 01:18:52]} {[%emt 00:00:23]} Rac8
{[%clk 01:21:20]} {[%emt 00:05:50]} 14. Bd3 {[%clk 01:12:27]} {[%emt 00:06:58]}
Rfd8 {[%clk 01:18:48]} {[%emt 00:03:02]} 15. h4 {[%clk 01:12:08]} {[%emt
00:00:50]} Qa4 {[%clk 01:14:13]} {[%emt 00:05:03]} 16. b3 {[%clk 01:12:24]}
{[%emt 00:00:15]} Qa3 {[%clk 01:09:28]} {[%emt 00:05:15]} 17. Qc1 {[%clk
01:12:02]} {[%emt 00:00:52]} Qa5 {[%clk 01:07:57]} {[%emt 00:01:57]} 18. Be4
{[%clk 01:02:52]} {[%emt 00:09:45]} Qc3 {[%clk 01:04:03]} {[%emt 00:04:23]} 19.
Rd4 {[%clk 00:58:54]} {[%emt 00:04:29]} Rxd4 {[%clk 00:59:41]} {[%emt
00:04:51]} 0-1

[Event "DVM U14 2022"]
[Site "Kelheim GER"]
[Date "2022.12.29"]
[Round "6"]
[White "Khachaturyan, Konstantin"]
[Black "Laux, Filip"]
[Result "0-1"]
[Termination "normal"]
[Board "9.2"]
[WhiteElo "1361"]
[BlackElo "1451"]
[WhiteClock "00:30:00"]
[BlackClock "00:22:09"]
[WhiteTeam "Karlsruher SF 1853"]
[BlackTeam "VSG 1880 Offenbach"]
[PlyCount "79"]
[WhiteFideId "16239083"]
[BlackFideId "16275730"]
[EventCountry "GER"]
[EventRounds "7"]
[EventType "team-swiss"]
[EventDate "2022.12.26"]

1. e4 {[%clk 01:30:57]} c6 {[%clk 01:30:44]} {[%emt 00:00:15]} 2. Nc3 {[%clk
01:31:23]} {[%emt 00:00:06]} d5 {[%clk 01:30:56]} {[%emt 00:00:17]} 3. Nf3
{[%clk 01:31:48]} {[%emt 00:00:05]} Bg4 {[%clk 01:30:59]} {[%emt 00:00:27]} 4.
h3 {[%clk 01:32:12]} {[%emt 00:00:06]} Bxf3 {[%clk 01:30:57]} {[%emt 00:00:31]}
5. Qxf3 {[%clk 01:32:36]} {[%emt 00:00:07]} e6 {[%clk 01:30:57]} {[%emt
00:00:31]} 6. d4 {[%clk 01:32:36]} {[%emt 00:00:31]} Nf6 {[%clk 01:30:24]}
{[%emt 00:01:02]} 7. exd5 {[%clk 01:32:30]} {[%emt 00:00:37]} cxd5 {[%clk
01:30:27]} {[%emt 00:00:26]} 8. Bb5 {[%clk 01:32:47]} {[%emt 00:00:12]} Nc6
{[%clk 01:30:11]} {[%emt 00:00:46]} 9. O-O {[%clk 01:32:17]} {[%emt 00:01:01]}
Be7 {[%clk 01:28:49]} {[%emt 00:01:51]} 10. Qg3 {[%clk 01:30:47]} {[%emt
00:02:01]} Bf8 {[%clk 01:24:32]} {[%emt 00:04:47]} 11. Re1 {[%clk 01:25:18]}
{[%emt 00:05:59]} g6 {[%clk 01:18:55]} {[%emt 00:06:06]} 12. Bg5 {[%clk
01:23:45]} {[%emt 00:02:03]} Bg7 {[%clk 01:18:23]} {[%emt 00:01:02]} 13. Rad1
{[%clk 01:15:04]} {[%emt 00:09:12]} O-O {[%clk 01:17:35]} {[%emt 00:01:17]} 14.
Qe3 {[%clk 01:09:19]} {[%emt 00:06:15]} Ne7 {[%clk 01:13:11]} {[%emt 00:04:53]}
15. g4 {[%clk 01:01:43]} {[%emt 00:08:08]} a6 {[%clk 01:12:23]} {[%emt
00:01:19]} 16. Be2 {[%clk 01:01:17]} {[%emt 00:00:54]} Kh8 {[%clk 01:05:17]}
{[%emt 00:07:36]} 17. h4 {[%clk 00:56:34]} {[%emt 00:05:15]} Rg8 {[%clk
01:04:34]} {[%emt 00:01:12]} 18. Kh1 {[%clk 00:55:33]} {[%emt 00:01:31]} Qf8
{[%clk 01:00:33]} {[%emt 00:04:30]} 19. h5 {[%clk 00:51:36]} {[%emt 00:04:28]}
h6 {[%clk 00:57:12]} {[%emt 00:03:51]} 20. Bxf6 {[%clk 00:39:20]} {[%emt
00:12:46]} Bxf6 {[%clk 00:57:31]} {[%emt 00:00:11]} 21. hxg6 {[%clk 00:38:21]}
{[%emt 00:01:29]} Rxg6 {[%clk 00:57:07]} {[%emt 00:00:54]} 22. Rg1 {[%clk
00:37:57]} {[%emt 00:00:53]} Nc6 {[%clk 00:50:29]} {[%emt 00:07:09]} 23. Bd3
{[%clk 00:31:58]} {[%emt 00:06:29]} Bxd4 {[%clk 00:50:03]} {[%emt 00:00:56]}
24. Qg3 {[%clk 00:24:24]} {[%emt 00:08:03]} Rg8 {[%clk 00:42:10]} {[%emt
00:08:22]} 25. Qh4 {[%clk 00:20:22]} {[%emt 00:04:33]} Bg7 {[%clk 00:36:35]}
{[%emt 00:06:06]} 26. g5 {[%clk 00:13:43]} {[%emt 00:07:08]} Ne5 {[%clk
00:31:17]} {[%emt 00:05:49]} 27. gxh6 {[%clk 00:11:02]} {[%emt 00:03:11]} Bxh6
{[%clk 00:31:30]} {[%emt 00:00:16]} 28. Qf6 {[%clk 00:10:42]} {[%emt 00:00:48]}
Bg7 {[%clk 00:31:34]} {[%emt 00:00:28]} 29. Rg3 {[%clk 00:08:30]} {[%emt
00:02:43]} Bxf6 {[%clk 00:30:33]} {[%emt 00:01:30]} 30. Rh3 {[%clk 00:06:08]}
{[%emt 00:02:53]} Qh6 {[%clk 00:30:08]} {[%emt 00:00:55]} 31. Rxh6 {[%clk
00:05:49]} {[%emt 00:00:49]} Kg7 {[%clk 00:30:33]} {[%emt 00:00:05]} 32. Rh7
{[%clk 00:05:22]} {[%emt 00:00:56]} Kf8 {[%clk 00:30:59]} {[%emt 00:00:04]} 33.
Be2 {[%clk 00:04:48]} {[%emt 00:01:06]} Ng6 {[%clk 00:29:08]} {[%emt 00:02:20]}
34. Rh2 {[%clk 00:03:43]} {[%emt 00:01:30]} Rc8 {[%clk 00:27:31]} {[%emt
00:02:11]} 35. Rb1 {[%clk 00:02:37]} {[%emt 00:01:37]} b5 {[%clk 00:27:21]}
{[%emt 00:00:40]} 36. Bd3 {[%clk 00:02:03]} {[%emt 00:01:04]} Bxc3 {[%clk
00:25:09]} {[%emt 00:02:42]} 37. bxc3 {[%clk 00:02:29]} {[%emt 00:00:03]} Rxc3
{[%clk 00:25:10]} {[%emt 00:00:30]} 38. a4 {[%clk 00:01:27]} {[%emt 00:01:32]}
bxa4 {[%clk 00:23:19]} {[%emt 00:02:21]} 39. Ra1 {[%clk 00:01:52]} {[%emt
00:00:06]} a3 {[%clk 00:22:09]} {[%emt 00:01:39]} 40. Rh3 {[%clk 00:30:00]}
{[%emt 00:01:52]} 0-1

[Event "DVM U14 2022"]
[Site "Kelheim GER"]
[Date "2022.12.29"]
[Round "6"]
[White "Staat, Christian"]
[Black "Schulz, Jonas"]
[Result "1-0"]
[Termination "normal"]
[Board "9.3"]
[WhiteElo "1260"]
[BlackElo "1350"]
[WhiteClock "00:02:54"]
[BlackClock "00:06:10"]
[WhiteTeam "VSG 1880 Offenbach"]
[BlackTeam "Karlsruher SF 1853"]
[PlyCount "77"]
[WhiteFideId "34608141"]
[BlackFideId "16245172"]
[EventCountry "GER"]
[EventRounds "7"]
[EventType "team-swiss"]
[EventDate "2022.12.26"]

1. d4 {[%clk 01:31:00]} d5 {[%clk 01:30:30]} {[%emt 00:00:32]} 2. c4 {[%clk
01:31:25]} {[%emt 00:00:03]} e6 {[%clk 01:30:36]} {[%emt 00:00:24]} 3. Nc3
{[%clk 01:31:51]} {[%emt 00:00:04]} a6 {[%clk 01:30:20]} {[%emt 00:00:47]} 4.
Nf3 {[%clk 01:31:27]} {[%emt 00:00:54]} dxc4 {[%clk 01:30:04]} {[%emt
00:00:45]} 5. e4 {[%clk 01:31:37]} {[%emt 00:00:20]} b5 {[%clk 01:30:04]}
{[%emt 00:00:30]} 6. Bf4 {[%clk 01:25:19]} {[%emt 00:06:48]} Bd6 {[%clk
01:26:53]} {[%emt 00:03:41]} 7. e5 {[%clk 01:16:10]} {[%emt 00:09:39]} Be7
{[%clk 01:22:32]} {[%emt 00:04:51]} 8. Be2 {[%clk 01:13:00]} {[%emt 00:03:40]}
Bb7 {[%clk 01:18:52]} {[%emt 00:04:10]} 9. O-O {[%clk 01:11:13]} {[%emt
00:02:16]} f6 {[%clk 01:13:38]} {[%emt 00:05:44]} 10. b3 {[%clk 00:54:54]}
{[%emt 00:16:48]} cxb3 {[%clk 01:09:18]} {[%emt 00:04:51]} 11. axb3 {[%clk
00:53:46]} {[%emt 00:01:38]} Bb4 {[%clk 01:08:30]} {[%emt 00:01:18]} 12. Na2
{[%clk 00:51:04]} {[%emt 00:03:12]} Ba5 {[%clk 01:05:24]} {[%emt 00:03:36]} 13.
b4 {[%clk 00:35:47]} {[%emt 00:15:47]} Bb6 {[%clk 00:58:39]} {[%emt 00:07:15]}
14. Nc3 {[%clk 00:27:03]} {[%emt 00:09:14]} Nd7 {[%clk 00:47:02]} {[%emt
00:12:07]} 15. Qb3 {[%clk 00:21:32]} {[%emt 00:06:02]} Qe7 {[%clk 00:38:36]}
{[%emt 00:08:55]} 16. Rfe1 {[%clk 00:15:24]} {[%emt 00:06:38]} Nh6 {[%clk
00:26:23]} {[%emt 00:12:43]} 17. exf6 {[%clk 00:07:37]} {[%emt 00:08:16]} Qxf6
{[%clk 00:21:53]} {[%emt 00:05:01]} 18. Bg5 {[%clk 00:06:33]} {[%emt 00:01:33]}
Qf7 {[%clk 00:18:48]} {[%emt 00:03:36]} 19. Bd1 {[%clk 00:01:16]} {[%emt
00:05:46]} O-O {[%clk 00:16:48]} {[%emt 00:02:31]} 20. d5 {[%clk 00:00:32]}
{[%emt 00:01:14]} exd5 {[%clk 00:14:53]} {[%emt 00:02:25]} 21. Re7 {[%clk
00:00:44]} {[%emt 00:00:17]} Qf5 {[%clk 00:14:27]} {[%emt 00:00:55]} 22. Bc2
{[%clk 00:00:47]} {[%emt 00:00:28]} Qg4 {[%clk 00:12:54]} {[%emt 00:02:04]} 23.
h3 {[%clk 00:01:04]} {[%emt 00:00:13]} Qh5 {[%clk 00:12:23]} {[%emt 00:01:00]}
24. Bxh6 {[%clk 00:00:38]} {[%emt 00:00:57]} Qxh6 {[%clk 00:11:31]} {[%emt
00:01:21]} 25. Rxd7 {[%clk 00:01:03]} {[%emt 00:00:06]} Kh8 {[%clk 00:11:04]}
{[%emt 00:00:58]} 26. Re1 {[%clk 00:00:35]} {[%emt 00:00:57]} d4 {[%clk
00:10:33]} {[%emt 00:01:01]} 27. Nd1 {[%clk 00:00:33]} {[%emt 00:00:31]} Bxf3
{[%clk 00:10:49]} {[%emt 00:00:15]} 28. gxf3 {[%clk 00:00:51]} {[%emt
00:00:11]} Qxh3 {[%clk 00:09:33]} {[%emt 00:01:47]} 29. Rf7 {[%clk 00:00:56]}
{[%emt 00:00:25]} d3 {[%clk 00:08:44]} {[%emt 00:01:18]} 30. Rxf8 {[%clk
00:00:35]} {[%emt 00:00:51]} Rxf8 {[%clk 00:08:48]} {[%emt 00:00:26]} 31. Qf7
{[%clk 00:01:02]} {[%emt 00:00:04]} Bxf2 {[%clk 00:08:37]} {[%emt 00:00:41]}
32. Nxf2 {[%clk 00:00:51]} {[%emt 00:00:41]} Qg3 {[%clk 00:08:40]} {[%emt
00:00:27]} 33. Kf1 {[%clk 00:01:12]} {[%emt 00:00:09]} Qd6 {[%clk 00:08:00]}
{[%emt 00:01:10]} 34. Re8 {[%clk 00:01:15]} {[%emt 00:00:27]} h6 {[%clk
00:07:01]} {[%emt 00:01:29]} 35. Rxf8 {[%clk 00:01:34]} {[%emt 00:00:11]} Kh7
{[%clk 00:06:55]} {[%emt 00:00:36]} 36. Bxd3 {[%clk 00:01:38]} {[%emt
00:00:26]} Qxd3 {[%clk 00:05:54]} {[%emt 00:01:31]} 37. Nxd3 {[%clk 00:02:03]}
{[%emt 00:00:05]} c5 {[%clk 00:06:06]} {[%emt 00:00:18]} 38. Qf5 {[%clk
00:02:28]} {[%emt 00:00:05]} g6 {[%clk 00:06:10]} {[%emt 00:00:26]} 39. Qf7#
{[%clk 00:02:54]} {[%emt 00:00:04]} 1-0